000 00519nam a2200181Ia 4500
999 _c29318
_d29318
003 OSt
005 20260305114713.0
008 190216s9999||||xx |||||||||||||| ||und||
020 _a9788171303311
040 _coclc
082 _a894.8123
_bNAI/A
100 1 _aVāsudēvan Nāyar, Eṃ. Ti.,
_d1933-
_99426
245 0 _aAsuravithu /
_cM T Vasudevan Nair
260 _bD C Books,
_a Kottayam:
_c2008.
300 _a274p
650 _aNovel
942 _cBK
_2ddc
_h894.8123
_iNAI/A
_k894.8123
_mNAI/A